000 00746npm a2200229 i 4500
001 5219
003 ES-MaACL
005 20230908132455.0
007 hzrazu bucu
008 900424r19901888fr a 00010 fre d
080 _a05(443.6 Paris) Lettres
080 _a05(44)
245 0 4 _aLes Lettres et les Arts...
_b: [Microforma].
260 _aMadrid :
_bAteneo Cientifico, Literario y Artistico,
_c1990.
300 _a1 carrete de microfilme :
_bnegativo ;
_c16 mm.
500 _aPublicado originalmente: Paris, Boussod, Valadon et Cie., 1888, periodicidad mensual.
505 8 _a1888
650 1 4 _aObras de 1800.
_915662
852 _aES-MaACL
_jMC-514
_95336
_cDEPO1
942 _2udc
_cMICROFORMA
999 _c5219
_d5219